Economic operation of power systems

Αποθηκεύτηκε σε:
Λεπτομέρειες βιβλιογραφικής εγγραφής
Κύριος συγγραφέας: Kirchmayer, Leon K.
Μορφή: Βιβλίο
Γλώσσα:English
Δημοσίευση: New York : Wiley, c1958
Σειρά:General Electric series
Θέματα:
Ετικέτες: Προσθήκη ετικέτας
Δεν υπάρχουν, Καταχωρήστε ετικέτα πρώτοι!

MARC

LEADER 00000nam a2200000 i 4500
001 1/94453
008 991126s1958 eng d
020 |a 0-85226-470-4 
035 |l 10054818 
040 |a GR-MY-UA  |b gre  |e aacr 
041 0 |a eng 
082 0 |a 621.312 
100 1 |a Kirchmayer, Leon K. 
245 1 0 |a Economic operation of power systems /  |c Leon K. Kirchmayer 
260 |a New York :   |b Wiley,   |c c1958 
300 |a 260 p.  |b fig. 
490 1 |a General Electric series 
504 |a Includes bibliographical references and index 
650 0 0 |a Electric utilities  |x Management. 
650 0 0 |a Electric power-plants  |x Load. 
650 0 0 |a Electric power-plants  |x Costs. 
830 0 |a General Electric series 
852 |a INST  |b LESVOS  |e 19991126  |h 621.312 KIR  |p 005100018811  |q 005100018811  |t BK  |y 0 
901 |a BIBL1-2000-1 
909 |a Λ  |b 066897 
922 |a 1ΕΛΗ  |b 199907  |c ΚΠΣ/ΤΠ  |d ΠΑΠΑΣΩΤΗΡΙΟΥ 
950 |a 107-1998-07-18 
970 |a ΜΟΥΣΤΑΚΑ  |b ΠΗΝΕΛΟΠΗ  |z 2000/01/19